[Event "Liege Soultanbeieff op"]
[Site "Liege"]
[Date "2012.04.13"]
[Round "9"]
[White "Remont, Leopold"]
[Black "Dradon, Sebastien"]
[Result "0-1"]
[WhiteElo "1952"]
[BlackElo "1914"]
[PlyCount "52"]
[EventDate "2012.01.27"]
[EventType "swiss"]
[EventRounds "9"]
[EventCountry "BEL"]
[SourceTitle "EXT 2013"]
[Source "ChessBase"]
[SourceDate "2012.11.22"]
[SourceVersion "1"]
[SourceVersionDate "2012.11.22"]
[SourceQuality "1"]

1. e4 d6 2. d4 Nf6 3. Bd3 g6 4. Nf3 Bg7 5. 0-0 0-0 6. Bg5 h6 7. Bh4 c6 8. Nbd2 Nbd7 9. Re1 e5 10. c3 Re8 11. a4 Qc7 12. Qc2 a5 13. dxe5 dxe5 14. Bc4 Nf8 15. Bxf6 Bxf6 16. Rad1 Be6 17. Qc1 Bg7 18. b3 Rad8 19. Qa3 Rd7 20. Bxe6 Nxe6 21. Nc4 Red8 22. Rxd7 Rxd7 23. g3 Rd3 24. Kg2 Rxc3 25. Qb2 Rd3 26. Qc2 Rxf3 0-1

[Event "Liege Soultanbeieff op"]
[Site "Liege"]
[Date "2012.03.02"]
[Round "5"]
[White "Dradon, Sebastien"]
[Black "Roubin, Sandra"]
[Result "1-0"]
[WhiteElo "1914"]
[BlackElo "1421"]
[PlyCount "59"]
[EventDate "2012.01.27"]
[EventType "swiss"]
[EventRounds "9"]
[EventCountry "BEL"]
[SourceTitle "EXT 2013"]
[Source "ChessBase"]
[SourceDate "2012.11.22"]
[SourceVersion "1"]
[SourceVersionDate "2012.11.22"]
[SourceQuality "1"]

1. c4 e5 2. g3 Nf6 3. Bg2 Bc5 4. e3 Nc6 5. Nc3 a5 6. Nge2 d6 7. h3 0-0 8. 0-0 Bf5 9. d4 Ba7 10. a3 Qd7 11. Kh2 Rfe8 12. b3 Nd8 13. Nb5 c6 14. Nxa7 Rxa7 15. Bb2 Ne4 16. dxe5 Re6 17. Nd4 Rh6 18. Nxf5 Qxf5 19. Qd4 Ng5 20. h4 Ra8 21. exd6 Nde6 22. Qe5 Qg4 23. Rad1 Rh5 24. Qc3 Nf3+ 25. Bxf3 Qxf3 26. e4 Qg4 27. f4 Nxf4 28. Rxf4 Rxh4+ 29. gxh4 Qxf4+ 30. Qg3 1-0